[Event "Sao Caetano do Sul-ch 2nd"]
[Site "Sao Caetano do Sul"]
[Date "2016.06.11"]
[Round "5"]
[White "Almeida, Andre de Camargo"]
[Black "Silvestre, Evandro"]
[Result "0-1"]
[WhiteElo "1856"]
[BlackElo "2000"]
[PlyCount "64"]
[EventDate "2016.06.04"]
[EventType "swiss"]
[EventRounds "6"]
[EventCountry "BRA"]
[SourceTitle "EXT 2017"]
[Source "ChessBase"]
[SourceDate "2016.10.25"]
[SourceVersion "1"]
[SourceVersionDate "2016.10.25"]
[SourceQuality "1"]

1. e4 d6 2. Nf3 Nf6 3. Nc3 g6 4. d4 Bg7 5. e5 dxe5 6. Nxe5 Nbd7 7. Bf4 a6 8. Bc4 0-0 9. Qe2 Nh5 10. Bd2 Nb6 11. 0-0-0 Qxd4 12. Bxf7+ Rxf7 13. Nxf7 Kxf7 14. Bh6 Bxh6+ 15. Kb1 Qf6 16. Ne4 Qe6 17. Rhe1 Qf5 18. Ng5+ Bxg5 19. h3 Nf4 20. Qf3 Nfd5 21. Qe2 Bf6 22. g4 Qf4 23. f3 Qb4 24. b3 Nc3+ 25. Kc1 Nxe2+ 26. Rxe2 Qa3+ 27. Kd2 Bd7 28. Ke1 Bc6 29. Kf2 Qc5+ 30. Kg2 Qg5 31. Rde1 Qf4 32. Rf2 Bh4 0-1

[Event "Mogi das Cruzes CXMC A"]
[Site "Mogi das Cruzes"]
[Date "2013.03.30"]
[Round "4.3"]
[White "Tamarozi, Isabelle"]
[Black "Almeida, Andre de Camargo"]
[Result "0-1"]
[WhiteElo "1726"]
[BlackElo "1907"]
[PlyCount "124"]
[EventDate "2013.03.28"]
[EventType "tourn"]
[EventRounds "7"]
[EventCountry "BRA"]
[SourceTitle "EXT 2022"]
[Source "ChessBase"]
[SourceDate "2021.10.06"]
[SourceVersion "1"]
[SourceVersionDate "2021.10.06"]
[SourceQuality "1"]

1. e4 c5 2. Nf3 d6 3. d4 cxd4 4. Nxd4 a6 5. Nc3 Nf6 6. Be2 Nc6 7. Be3 e6 8. f4 Be7 9. 0-0 0-0 10. Kh1 Qc7 11. a4 Nd7 12. Bf3 Nxd4 13. Bxd4 Bf6 14. a5 Rd8 15. Bxf6 Nxf6 16. Qe2 Nd7 17. Rfd1 Rb8 18. Qd2 Nc5 19. b4 Nd7 20. Na4 b5 21. Nb2 Nf8 22. e5 d5 23. Rac1 Bb7 24. Nd3 Nd7 25. Qf2 Rdc8 26. Qh4 h6 27. Bh5 Re8 28. Kg1 Qc4 29. Qf2 Rbc8 30. f5 Rf8 31. f6 g6 32. Qg3 Kh7 33. Nf4 Rg8 34. Bf3 Nxe5 35. Be2 Qc3 36. Qf2 Qxb4 37. Kh1 Qxa5 38. Qd4 Qc3 39. Qb6 Qc6 40. Qd4 Nd7 41. Rf1 e5 42. Qb4 exf4 43. Qxf4 Rge8 44. Bd3 Re6 45. Bf5 Rxf6 46. Bxd7 Rxf4 47. Bxc6 Rxf1+ 48. Rxf1 Bxc6 49. Rxf7+ Kg8 50. Ra7 Ra8 51. Rc7 Be8 52. Rc5 Bf7 53. Kg1 Kg7 54. Kf2 Kf6 55. Rc6+ Ke5 56. c3 d4 57. Rc7 Be6 58. cxd4+ Kxd4 59. Rc6 Bf5 60. g4 Be4 61. Rc7 a5 62. Rh7 a4 0-1

[Event "Mogi das Cruzes CXMC A"]
[Site "Mogi das Cruzes"]
[Date "2013.03.28"]
[Round "1.4"]
[White "Almeida, Andre de Camargo"]
[Black "De Almeida, Jefferson Silva"]
[Result "1-0"]
[WhiteElo "1907"]
[BlackElo "1581"]
[PlyCount "127"]
[EventDate "2013.03.28"]
[EventType "tourn"]
[EventRounds "7"]
[EventCountry "BRA"]
[SourceTitle "EXT 2022"]
[Source "ChessBase"]
[SourceDate "2021.10.06"]
[SourceVersion "1"]
[SourceVersionDate "2021.10.06"]
[SourceQuality "1"]

1. e4 e6 2. d4 d5 3. e5 c5 4. c3 Nc6 5. Nf3 cxd4 6. cxd4 Bb4+ 7. Nc3 Nge7 8. Bb5 Qb6 9. Qa4 a6 10. Qxb4 axb5 11. Qxb5 Qxb5 12. Nxb5 0-0 13. 0-0 Bd7 14. Nd6 Ra4 15. b3 Ra7 16. a4 Nc8 17. Nb5 Ra6 18. Ba3 Rd8 19. Rfc1 Na5 20. Nc7 Nxb3 21. Nxa6 bxa6 22. Bc5 Nxc1 23. Rxc1 Bxa4 24. Ne1 h6 25. Ra1 Bb5 26. Nc2 Rd7 27. Nb4 Rb7 28. g3 Nb6 29. Nxa6 Bxa6 30. Rxa6 Nc4 31. Ra8+ Kh7 32. Rf8 Nd2 33. Kg2 Nb3 34. Rc8 Nd2 35. h4 Ne4 36. Rf8 Nxc5 37. dxc5 Rc7 38. h5 d4 39. f4 g6 40. hxg6+ Kxg6 41. Rd8 Rxc5 42. Rxd4 Rd5 43. Ra4 Kf5 44. Kh3 Kg6 45. Ra6 Kf5 46. Ra7 Kg6 47. Ra8 Rd3 48. Kh4 Rd7 49. Rg8+ Kh7 50. Rg4 Rd8 51. Kh5 Rf8 52. Rh4 f6 53. exf6 Rxf6 54. Kg4 Kg6 55. Rh5 Rf5 56. Rh1 e5 57. Rxh6+ Kxh6 58. Kxf5 exf4 59. gxf4 Kg7 60. Ke6 Kf8 61. f5 Ke8 62. f6 Kf8 63. Kf5 Kf7 64. Kg5 1-0

[Event "Mogi das Cruzes op 08"]
[Site "Mogi das Cruzes"]
[Date "2012.09.01"]
[Round "4"]
[White "Almeida, Andre de Camargo"]
[Black "Hara, Aroldo Hiroiuqui"]
[Result "1-0"]
[WhiteElo "1800"]
[BlackElo "1957"]
[PlyCount "71"]
[EventDate "2012.08.31"]
[EventType "swiss"]
[EventRounds "6"]
[EventCountry "BRA"]
[SourceTitle "CBM 150 Extra"]
[Source "ChessBase"]
[SourceDate "2012.10.19"]
[SourceVersion "1"]
[SourceVersionDate "2012.10.19"]
[SourceQuality "1"]

1. e4 c5 2. Nf3 Nf6 3. Nc3 e6 4. d4 cxd4 5. Nxd4 Bb4 6. Bg5 Qa5 7. Bd2 Nc6 8. Nb3 Qd8 9. Bd3 0-0 10. 0-0 Re8 11. a3 Be7 12. f4 d5 13. e5 Nd7 14. Qh5 Nf8 15. Rae1 a5 16. Na4 g6 17. Qg4 Bd7 18. f5 exf5 19. Bxf5 Nxe5 20. Rxe5 Bxa4 21. Qxa4 Bc5+ 22. Nxc5 Rxe5 23. Bh3 Qb6 24. b4 Re4 25. Qb3 Rc4 26. Qf3 Qc7 27. Qf6 Rxc5 28. Bh6 Ne6 29. Bxe6 fxe6 30. Qxe6+ Kh8 31. bxc5 Qxc5+ 32. Kh1 Qd4 33. Qe7 Rg8 34. h3 Qc3 35. Rf8 Qe1+ 36. Qxe1 1-0